000 00451nam a2200181Ia 4500
001 15639
005 20260306170211.0
008 260306t2017||||xx |||||||||||||| ||und||
041 _aESP
082 _a570
_bA182 2017
100 _aAudesirk, Teresa
_eAUT
245 0 _aBiología:
_bla vida en la tierra con fisiología
260 _c2017
300 _axxx, 985 páginas :
_c27 cm.
650 _aGEN
654 _aCIA
942 _cLIB
_dJUS
_fJUS
_2ddc
_n
999 _c15639
_d15639